| 000 | 00778nmc a2200289 a 4500 | ||
|---|---|---|---|
| 003 | AR-BaBNM | ||
| 005 | 20251128204413.0 | ||
| 008 | 011101s1993 ||||||||||||||000 | spa|| | ||
| 020 | _a950-701-098-X | ||
| 040 | _cAR-BaBNM | ||
| 100 | 1 | _aSalgado, Hugo | |
| 245 | 1 | 0 |
_a¿Qué es la ortografía? _buna experiencia de aprendizaje |
| 250 | _a2ª ed. | ||
| 260 |
_aBuenos Aires _bAique _c1993 |
||
| 300 | 0 |
_a71 p. _bgráfs. |
|
| 490 | 0 | _aSerie de la palabra | |
| 650 | 4 | _aENSENANZA DE LA ORTOGRAFIA | |
| 650 | 4 | _aPROCESO DE APRENDIZAJE | |
| 650 | 4 | _aENSENANZA DE LA ESCRITURA | |
| 650 | 4 | _aGRAMATICA | |
| 650 | 4 | _aACTIVIDADES INTEGRADAS | |
| 650 | 4 | _aFONETICA | |
| 650 | 4 | _aSEMANTICA | |
| 653 | _aCORRECCION DE TRABAJOS ESCOLARES | ||
| 942 | _cBK | ||
| 998 | _cGrace | ||
| 999 |
_c7332 _d7332 |
||